| 000 | 00903cam a2200205 4500 | ||
|---|---|---|---|
| 001 | ABS65790 | ||
| 008 | 020910n2002 000 0 eng u | ||
| 035 | _a(Sirsi) u119641 | ||
| 245 | _aLate Payment of Commercial Debts (Interest) Act 1998 | ||
| 260 | _c2002 | ||
| 490 |
_aConstruction Law Review _v(5) August 2002, 1-2(2) |
||
| 520 | _aOverview of the Act, including explanation of main terms used. Also brief reference to the Late Payment of Commercial Debts (Scotland) Regulations 2002, under which a representative body is enabled to "seek interdict in the Court of Session against the use of a term in a relevant contract...that would be void under the Act" | ||
| 590 | _aABS | ||
| 650 | _aINTEREST | ||
| 650 | _aLATE PAYMENT | ||
| 650 | _aLATE PAYMENT OF COMMERCIAL DEBTS (INTEREST) ACT 1998 | ||
| 650 | _aSCOTLAND | ||
| 690 | _aBUILT ENVIRONMENT-BUILDING CONTRACT FORMS | ||
| 942 | _n0 | ||
| 999 |
_c71119 _d71119 |
||